Serveis socials i gent gran : anàlisi i delimitació dels serveis i les prestacions en l'actual marc legislatiu / direcció i coordinació: Núria Palau anàlisi i delimitació dels serveis i les prestacions en l'actual marc legislatiu / direcció i coordinació:
Descripción Física:
102 p. ; 30 cm
Colección:
Eines de treball social. Sèrie gent gran ; 3
Otros Autores:
Palau, Núria
MARC
| LEADER | 00000nam a2200000Ia 4500 | ||
|---|---|---|---|
| 001 | 12244 | ||
| 008 | 160829s1999 xx 000 0 cat d | ||
| 080 | |a S-1-13 | ||
| 245 | |a Serveis socials i gent gran : |b anàlisi i delimitació dels serveis i les prestacions en l'actual marc legislatiu / direcció i coordinació: |b Núria Palau | ||
| 260 | |a Barcelona : |b Diputació de Barcelona, Àrea de Serveis Socials, |c 1999 | ||
| 300 | |a 102 p. ; |c 30 cm | ||
| 490 | |a Eines de treball social. Sèrie gent gran ; 3 | ||
| 650 | 0 | |a Treball social amb les persones grans |9 32728 | |
| 650 | 0 | |a Persones grans |x Serveis socials |9 32729 | |
| 700 | |a Palau, Núria |e director |9 25811 | ||
| 710 | |a Barcelona (Catalunya : Província). |b Àrea de Serveis Socials |9 53159 | ||
| 901 | |a Arxiu | ||
| 942 | |n 1 |2 udc | ||
| 952 | |0 0 |1 0 |4 0 |6 S113 |7 1 |9 46082 |a Arxiu |b Arxiu |d 2016-12-01 |l 0 |o S-1-13 |p 12244 |r 2016-12-01 00:00:00 |w 2016-12-01 |y ARXIU | ||
| 999 | |c 49584 |d 49584 | ||